000 00784nam a2200229 i 4500
001 10678
003 ES-MaACL
005 20231011170403.0
007 t|
008 951004s1993 sp a |||| | spa d
080 _a061.21(464.1)Ateneo
080 _a027.2(464.1)
100 1 _aAlbo Álvarez, María José.
_919404
245 1 3 _aLa Biblioteca del Ateneo de Madrid
_b: (un recorrido por su historia) /
_cpor María José Albo Álvarez.
260 _aPinoso, Alicante :
_bUniversidad Popular Enrique Tierno Galván,
_c[1993]
300 _aP. 509-561 ;
_c24 cm.
595 _aSeparata de: Centenario del Código Civil, v. 4, 1993.
610 2 4 _aAteneo de Madrid.
_bBiblioteca
_91951
852 _aES-MaACL
_j2142-F-39
852 _aES-MaACL
_j2142-F-40
999 _c10678
_d10678